000 00985nas a2200325 4500
001 BR2013006134
003 BR-BrBNA
005 20231205122737.0
007 ta
008 230509b bl.|||p| |||| 00| 00por d
040 _aBR-BrBNA
_bpor
_cBiblioteca Nacional de Agricultura
041 _a(En)
072 _aP36
100 1 _aBertol, I.
100 1 _aRamos, R.R.
100 1 _aBarbosa, F.T.
100 1 _aGonzález, A.P.
100 1 _aRamos, J.C.
100 1 _aBandeira, D.H.
245 1 _aWater erosion in no-tillage monoculture and intercropped systems along contour lines
650 _aSOLO
650 _aEROSÃO HÍDRICA
650 _aÁGUA
650 _aPERDA
650 _aCHUVA ARTIFICIAL
773 0 _tRevista Brasileira de Ciência do Solo (Brazil)
_xISSN 0100-0683
_g(Mar-Apr 2013), v. 37(2) p. 521-528
_wBR2013006134
856 4 0 _uhttp://www.scielo.br/pdf/rbcs/v37n2/a23v37n2.pdf
909 _a202311
_bLúcia
_c55
_dLúcia Elande
942 _2AGRIS
_n0
_cANA
999 _c230299
_d230299